000 00935 a2200253 4500
005 20080911143730.0
008 080911t xxu||||| |||| 00| 0 eng d
010 _aENG-91441
020 _c295.00
_a9788120334267
035 _aEN-74974
037 _bDBAD / PUB
040 _adpl
_bEnglish
082 _a332.6068
100 _aMaheshwari, Yogesh
245 _aInvestment management /
_cby Yogesh Maheshwari
260 _aNew Delhi
_bPHI Learning
_c2008
270 _aM-97, Connaught Circus
_bNewDelhi
_e110001
300 _axiv, 317p.
_c25 cm. (pbk)
500 _aIncludes glossary, bibliographical references and index
650 _aInvestments
650 _aInvestment management
942 _adpl
_cEN
_2ddc
_mMAH
_h332.6068
999 _c17257
_d17257